Como surgiram as constituições brasileiras (Record no. 141322)

MARC details
000 -LÍDER
campo de controle de tamanho fixo 00502 a2200169 4500
001 - NÚMERO DE CONTROLE
campo de controle 141322
040 ## - FONTE DA CATALOGAÇÃO
Instituição que transcreveu o registro Leonardo Da Vinci
041 ## - CÓDIGO DE IDIOMA
Código do idioma do texto/trilha sonora ou título diferente Português
082 ## - CDD - CLASSIFICAÇÃO DECIMAL DE DEWEY
Número de Classificação 342.8102 C151c
Número do exemplar C151c
100 ## - ENTRADA PRINCIPAL--NOME PESSOAL
Nome pessoal CALDEIRA, Cesar
-- ARRUDA, Marcos
245 ## - TÍTULO
Título Como surgiram as constituições brasileiras
260 ## - PUBLICAÇÃO, DISTRIBUIÇÃO, ETC.
Nome do editor, distribuidor, etc. FASE Projeto Educação Popular para a Constituinte
Data da publicação, distribuição, etc. 1986
Local de publicação, distribuição, etc. Rio de Janeiro
300 ## - DESCRIÇÃO FÍSICA
Extensão 44
362 ## - DATAS DE PUBLICAÇÃO E/OU DESIGNAÇÃO SEQUENCIAL
Datas de publicação e/ou designação sequencial 19860000
697 ## - ENTRADA DE ASSUNTO LOCAL--ENTIDADE COLETIVA (RLIN)
Nome corporativo ou nome da jurisdição História constitucional
-- Constituição
-- Brasil
942 ## - ELEMENTOS DE ENTRADA ADICIONADOS (KOHA)
Tipo de material Koha Livros
Holdings
Situação do descarte Situação das perdas Situação física Não pode ser emprestado Biblioteca de origem Biblioteca atual Data de aquisição Total de empréstimos Número de chamada completo Código de barras Data de último acesso Data do preço efetivo Tipo de material Koha
        Leonardo Da Vinci - Osasco Leonardo Da Vinci - Osasco 27/03/2024   342.8102 C151c O005619 27/03/2024 27/03/2024 Livros